"Sonata de otoño, sonata de invierno: Memorias del Marqués de Bradomin" (Record no. 33210)
[ view plain ]
| 000 -LEADER | |
|---|---|
| campo de control de longitud fija | 00342nam a2200121Ia 4500 |
| 005 - FECHA Y HORA DE LA ÚLTIMA TRANSACCIÓN | |
| campo de control | 20251222154306.0 |
| 008 - DATOS DE LONGITUD FIJA--INFORMACIÓN GENERAL | |
| campo de control de longitud fija | 251222s9999||||xx |||||||||||||| ||spa|| |
| 082 ## - NÚMERO DE LA CLASIFICACIÓN DECIMAL DEWEY | |
| Número de clasificación | 868.69/V23 |
| 100 ## - ENTRADA PRINCIPAL--NOMBRE DE PERSONA | |
| Nombre de persona | "Valle Inclón, Ramón Del " |
| 245 #0 - MENCIÓN DEL TÍTULO | |
| Título | "Sonata de otoño, sonata de invierno: Memorias del Marqués de Bradomin" |
| 250 ## - MENCION DE EDICION | |
| Mención de edición | 4a.ed. |
| 942 ## - ELEMENTOS DE ENTRADA SECUNDARIOS (KOHA) | |
| Tipo de ítem Koha | Libros |
| Estatus retirado | Estado de pérdida | Estado de daño | No para préstamo | Biblioteca de origen | Biblioteca actual | Ubicación en estantería | Fecha de adquisición | Total de préstamos | Signatura topográfica completa | Código de barras | Visto por última vez | Precio de reemplazo | Tipo de ítem Koha |
|---|---|---|---|---|---|---|---|---|---|---|---|---|---|
| Biblioteca Tarma | Biblioteca Tarma | Programa | 22/12/2025 | 868.69/V23 | 0000251 | 22/12/2025 | 22/12/2025 | Libros |
